Damon, medianoche (Registro nro. 11994)
[ vista simple ]
| 000 -CABECERA | |
|---|---|
| Longitud fija campo de control | 00644nam a2200253 c 4500 |
| 003 - • IDENTIFICADOR DELl NÚMERO DE CONTROL | |
| Identificador del número de control | CO-ViMGA |
| 005 - • FECHA Y HORA DE LA ÚLTIMA TRANSACCIÓN | |
| Fecha y hora de la última transacción | 20230915225023.0 |
| 008 - • CÓDIGOS DE INFORMACIÓN DE LONGITUD FIJA | |
| Códigos de información de longitud fija | 130607s2013 sp | |||| 000 1 spa |
| 020 ## - • NÚMERO INTERNACIONAL NORMALIZADO PARA LIBROS | |
| Número Internacional Normalizado para Libros (ISBN) | 9789584240538 |
| 040 ## - FUENTE DE LA CATALOGACIÓN | |
| Centro catalogador de origen | CO-ViMGA |
| Lengua de catalogación | spa |
| Centro transcriptor | CO-ViMGA |
| 041 1# - • CÓDIGO DE LENGUA | |
| Código de lengua original | eng |
| 082 04 - • NÚMERO DE LA CLASIFICACIÓN DECIMAL DEWEY | |
| Número de clasificación (R) | 863 |
| Número del ítem | S54dm |
| 100 1# - • PUNTO DE ACCESO PRINCIPAL-NOMBRE DE PERSONA | |
| Nombre de persona | Smith, L. J. |
| 240 10 - • TÍTULO UNIFORME | |
| Título uniforme | <a href="Midnight">Midnight</a> |
| 245 10 - • TITULO PROPIAMENTE DICHO | |
| Título | Damon, medianoche |
| 250 ## - • MENCIÓN DE EDICIÓN | |
| Mención de edición | 1 ed. |
| 300 ## - • DESCRIPCIÓN FÍSICA | |
| Extensión | 493 p. |
| Dimensiones | 19 cm |
| 490 0# - • MENCIÓN DE SERIE | |
| Mención de serie | Bestseller Internacional |
| Designación de volumen o secuencia | 1300 |
| 490 0# - • MENCIÓN DE SERIE | |
| Mención de serie | Crónicas vampir̕icas |
| Designación de volumen o secuencia | 7 |
| 700 1# - • PUNTO DE ACCESO ADICIONAL - NOMBRE DE PERSONA | |
| Nombre de persona | Gallart, Gemma |
| 942 ## - ENTRADA DE ELEMENTOS AGREGADOS (KOHA) | |
| Fuente de clasificaión o esquema | Dewey Decimal Classification |
| Koha [por defecto] tipo de item | LIbro |
| Perdido | Fuente de clasificación o esquema | Estado Físico | No para préstamo | Forma de adquisición | Localización permanente | Localización actual | Fecha adquisición | Préstamos totales | Renovaciones totales | Signatura completa | Código de barras | Fecha última consulta | Fecha último préstamo | Fecha del precio de reemplazo | Tipo de item de Koha |
|---|---|---|---|---|---|---|---|---|---|---|---|---|---|---|---|
| Dewey Decimal Classification | Sala General Segundo Piso | Biblioteca Pública Germán Arciniegas - Villavicencio | Biblioteca Pública Germán Arciniegas - Villavicencio | 12/02/2015 | 2 | 3 | 863 S48dm | 29058 | 06/30/2017 | 06/20/2017 | 12/02/2015 | LIbro | |||
| Dewey Decimal Classification | Sala General Segundo Piso | Biblioteca Pública Germán Arciniegas - Villavicencio | Biblioteca Pública Germán Arciniegas - Villavicencio | 12/02/2015 | 863 S48dm | 29058 - 1 | 10/27/2017 | 10/27/2017 | LIbro |